[Event "Albena Masters op"]
[Site "Albena"]
[Date "2014.06.04"]
[Round "4"]
[White "Zhivkov, Georgi"]
[Black "Setyaki, Azarya Jodi"]
[Result "0-1"]
[WhiteElo "2053"]
[BlackElo "2217"]
[PlyCount "130"]
[EventDate "2014.06.01"]
[EventType "swiss"]
[EventRounds "9"]
[EventCountry "BUL"]
[SourceTitle "CBM 160 Extra"]
[Source "ChessBase"]
[SourceDate "2014.07.01"]
[SourceVersion "1"]
[SourceVersionDate "2014.07.01"]
[SourceQuality "1"]

1. e4 c6 2. d3 d5 3. Nd2 g6 4. c3 Bg7 5. Ngf3 Nd7 6. exd5 cxd5 7. d4 Nh6 8. Qb3 Qa5 9. Bd3 0-0 10. 0-0 a6 11. a4 Nf6 12. h3 Nf5 13. Bxf5 gxf5 14. Ne5 Ne4 15. Ndf3 Qd8 16. a5 f6 17. Nd3 e6 18. Nh2 Rf7 19. f3 Nd6 20. Nc5 Nc4 21. Qb4 Bf8 22. b3 Nxa5 23. Rxa5 b6 24. Ra2 bxc5 25. dxc5 Qc7 26. Be3 Rb8 27. Qa3 f4 28. Bf2 Rg7 29. Kh1 Rg6 30. b4 Qg7 31. Bg1 Kh8 32. Qc1 e5 33. Qd2 Qg8 34. c6 Rb5 35. Rfa1 Qe6 36. Rxa6 Bxa6 37. Rxa6 Qc8 38. Qa2 Bd6 39. Qa4 Rb8 40. b5 Qg8 41. Qa2 Rxb5 42. Ra8 Rb8 43. Rxb8 Bxb8 44. Bb6 Qf7 45. Qa5 Rg7 46. Ng4 h5 47. Qa8 hxg4 48. Qxb8+ Rg8 49. c7 Qe8 50. Qxe8 Rxe8 51. hxg4 Rc8 52. g3 fxg3 53. Kg2 Kg7 54. Kxg3 Kf7 55. Kf2 Ke6 56. Ke3 Kd6 57. f4 Kc6 58. fxe5 Kxb6 59. exf6 Kxc7 60. Kf4 Kd7 61. Kf5 Rxc3 62. g5 Rf3+ 63. Kg4 Rf1 64. Kh5 Ke6 65. Kg6 d4 0-1

[Event "BUL-chT2 58th"]
[Site "Borovetz"]
[Date "2008.10.07"]
[Round "7.1"]
[White "Stanoev, Atanas"]
[Black "Zhivkov, Georgi"]
[Result "1-0"]
[WhiteElo "2259"]
[BlackElo "2187"]
[PlyCount "103"]
[EventDate "2008.10.01"]
[EventType "team-swiss"]
[EventRounds "7"]
[EventCountry "BUL"]
[SourceTitle "CBM 126 Extra"]
[Source "ChessBase"]
[SourceDate "2008.11.05"]
[SourceVersion "1"]
[SourceVersionDate "2008.11.05"]
[SourceQuality "1"]

1. d4 Nf6 2. c4 e6 3. Nc3 d5 4. Nf3 c6 5. e3 Be7 6. Bd3 0-0 7. 0-0 Nbd7 8. Qe2 Re8 9. e4 dxe4 10. Nxe4 Nf8 11. Bf4 b6 12. Rfd1 Ng6 13. Nxf6+ Bxf6 14. Bg3 Bb7 15. Rac1 Qc8 16. c5 Qd7 17. Be4 Rad8 18. h4 Qc8 19. Qc2 b5 20. h5 Nf8 21. Qe2 a5 22. a3 Qa8 23. Ne5 Nd7 24. Qc2 h6 25. Nf3 e5 26. Qb3 exd4 27. Bg6 Re6 28. Nxd4 Bxd4 29. Rxd4 Nf8 30. Rxd8 Qxd8 31. Bf5 Qd2 32. Qc3 Re2 33. Qxd2 Rxd2 34. Re1 Rd5 35. Be4 Rxc5 36. Bd6 Rc4 37. f4 Bc8 38. Bf3 Bd7 39. Rd1 Be6 40. Bc7 Nd7 41. Bxa5 Nf6 42. Be2 Rxf4 43. Bc7 Re4 44. Rd8+ Kh7 45. Bd3 Bd5 46. Be5 Ng4 47. Bd4 Nf6 48. Bxf6 gxf6 49. b3 f5 50. Bxe4 fxe4 51. a4 Bxb3 52. a5 1-0

[Event "BUL-chT2 58th"]
[Site "Borovetz"]
[Date "2008.10.04"]
[Round "4.1"]
[White "Zhivkov, Georgi"]
[Black "Yanev, Tihomir"]
[Result "0-1"]
[WhiteElo "2187"]
[BlackElo "2268"]
[PlyCount "118"]
[EventDate "2008.10.01"]
[EventType "team-swiss"]
[EventRounds "7"]
[EventCountry "BUL"]
[SourceTitle "CBM 126 Extra"]
[Source "ChessBase"]
[SourceDate "2008.11.05"]
[SourceVersion "1"]
[SourceVersionDate "2008.11.05"]
[SourceQuality "1"]

1. e4 c5 2. Nf3 d6 3. d4 cxd4 4. Nxd4 Nf6 5. Nc3 a6 6. Bc4 e6 7. Bb3 Nbd7 8. Be3 Nc5 9. f3 Qc7 10. Qd2 b5 11. 0-0-0 b4 12. Nce2 Bd7 13. Kb1 a5 14. c3 a4 15. cxb4 axb3 16. bxc5 bxa2+ 17. Ka1 dxc5 18. Rc1 Qb7 19. Nc2 Be7 20. Na3 Rc8 21. Qa5 Qb4 22. Qxb4 cxb4 23. Nc4 0-0 24. Nb6 Rcd8 25. Kxa2 h5 26. Kb3 Bb5 27. Nd4 e5 28. Nxb5 Rd3+ 29. Kc4 Rxe3 30. Rhe1 Rxe1 31. Rxe1 Rd8 32. Nd5 Kf8 33. Nxe7 Kxe7 34. Re2 h4 35. h3 Nh5 36. Kxb4 Nf4 37. Rc2 Rd1 38. Nc3 Rg1 39. Nd5+ Nxd5+ 40. exd5 Kd6 41. Rd2 f5 42. Kc4 Rc1+ 43. Kb5 e4 44. fxe4 fxe4 45. Kb4 Rc8 46. b3 g5 47. Rd4 Ke5 48. Rc4 Rd8 49. Rc5 Kd4 50. Rc4+ Kxd5 51. Kc3 Ke5 52. Rc7 Kf4 53. Re7 Ke3 54. b4 Rc8+ 55. Kb3 Kd3 56. b5 e3 57. b6 e2 58. Kb4 Rc1 59. Rd7+ Ke3 0-1

[Event "Kozloduy op 1st"]
[Site "Kozloduy"]
[Date "2008.06.20"]
[Round "5"]
[White "Zhivkov, Georgi"]
[Black "Angelov, Rumen"]
[Result "0-1"]
[WhiteElo "2187"]
[BlackElo "2245"]
[PlyCount "90"]
[EventDate "2008.06.19"]
[EventType "swiss (rapid)"]
[EventRounds "7"]
[EventCountry "BUL"]
[SourceTitle "CBM 125 Extra"]
[Source "ChessBase"]
[SourceDate "2008.09.01"]
[SourceVersion "1"]
[SourceVersionDate "2008.09.01"]
[SourceQuality "1"]

1. Nf3 Nf6 2. g3 g6 3. Bg2 Bg7 4. 0-0 0-0 5. d3 d5 6. Nbd2 Nc6 7. c3 a5 8. Qc2 e5 9. e4 a4 10. Re1 Re8 11. Nf1 h6 12. h3 dxe4 13. dxe4 Be6 14. Be3 Qe7 15. g4 Nd7 16. Ng3 Nc5 17. Bf1 Red8 18. Bb5 Bf8 19. Bxc5 Qxc5 20. Bxa4 b5 21. b4 Qb6 22. Bb3 Rd6 23. Nf1 Bxb3 24. axb3 Re8 25. Ne3 Qb7 26. Ra3 Nd8 27. Rea1 Ne6 28. Nd5 Rxd5 29. exd5 Qxd5 30. Qd1 Qe4 31. Ne1 Rd8 32. Qc2 Qxc2 33. Nxc2 Rd3 34. c4 Nf4 35. h4 Rd2 36. R3a2 Ne2+ 37. Kf1 Nc3 38. Ke1 Re2+ 39. Kf1 Kg7 40. c5 Be7 41. Ra7 Rxc2 42. Rxc7 Bxh4 43. Raa7 Rxf2+ 44. Kg1 Ne2+ 45. Kh1 Bg3 0-1